Hiragana Alphabet (in 60 seconds) - Statistics

General Stats
  • This quiz has been taken 431 times
  • The average score is 34 of 46
Answer Stats
hiragana roomaji/english pronunciation % Correct
ku
87%
o
87%
e
86%
ka
86%
shi
86%
su
86%
u
85%
i
84%
ki
84%
sa
84%
so
84%
ta
84%
a
83%
ke
83%
chi
82%
ko
82%
se
82%
tsu
82%
te
81%
hi
79%
ni
79%
to
79%
fu
78%
na
78%
ha
76%
he
76%
no
76%
nu
75%
ne
74%
ho
73%
mi
71%
ma
69%
mu
69%
mo
68%
yu
67%
me
66%
ya
64%
ra
62%
ri
62%
yo
61%
re
60%
ru
59%
n
53%
wa
53%
wo
53%
ro
52%
No matching quizzes found
Score Distribution
Percent of People with Each Score
Percentile by Number Answered
Your Score History
You have not taken this quiz